Statistics for One Miami Heat Player By Season

Click here to take the quiz!

General Stats

  • This quiz has been taken 218 times
    (26 since last reset)
  • The average score is 33 of 36

Answer Stats

SeasonPlayersFull List% Correct
2023-24Jimmy Butler | Tyler Herro | Bam Adebayo | Terry Rozier | Duncan Robinson | Jaime Jaquez Jr. | Caleb Martin | Josh Richardson | Kevin Love | Kyle Lowry | Nikola Jović | Haywood Highsmith | Patty Mills | Thomas Bryant | Delon Wright | Dru Smith | Jamal Cain | Orlando Robinson | Cole Swider | R.J. Hampton | Alondes Williams
100%
2013-14Dwyane Wade | LeBron James | Chris Bosh | Ray Allen | Ray Allen | Norris Cole | Shane Battier | Chris Andersen | Rashard Lewis | Toney Douglas | Michael Beasley | Udonis Haslem | James Jones | Roger Mason | Justin Hamilton | Greg Oden | Joel Anthony | DeAndre Liggins
100%
2006-07Dwyane Wade | Shaquille O'Neal | Alonzo Mourning | Eddie Jones | Gary Payton | Udonis Haslem | Jason Williams | James Posey | Jason Kapono | Antoine Walker | Dorell Wright | Michael Doleac | Wayne Simien | Robert Hite | Chris Quinn | Earl Barron
100%
2007-08Dwyane Wade | Shaquille O'Neal | Alonzo Mourning | Shawn Marion | Udonis Haslem | Ricky Davis | Jason Williams | Kasib Powell | Dorell Wright | Daequan Cook | Bobby Jones | Mark Blount | Chris Quinn | Marcus Banks | Joel Anthony | Penny Hardaway | Smush Parker | Stéphane Lasme | Earl Barron | Luke Jackson | Blake Ahearn | Alexander Johnson
100%
2008-09Dwyane Wade | Shawn Marion | Udonis Haslem | Mario Chalmers | Jermaine O'Neal | Jamario Moon | Michael Beasley | Daequan Cook | Luther Head | Joel Anthony | James Jones | Chris Quinn | Yakhouba Diawara | Jamaal Magloire | Dorell Wright | Mark Blount | Marcus Banks | Shaun Livingston
100%
2009-10Dwyane Wade | Jermaine O'Neal | Michael Beasley | Udonis Haslem | Quentin Richardson | Rafer Alston | Mario Chalmers | Carlos Arroyo | Dorell Wright | Joel Anthony | Shavlik Randolph | Daequan Cook | James Jones | Jamaal Magloire | Yakhouba Diawara
100%
2010-11Dwyane Wade | LeBron James | Chris Bosh | Mike Bibby | Udonis Haslem | Mario Chalmers | Mike Miller | Carlos Arroyo | Joel Anthony | James Jones | Eddie House | Erick Dampier | Zydrunas Ilgauskas | Juwan Howard | Jamaal Magloire | Jerry Stackhouse | Dexter Pittman
100%
2011-12Dwyane Wade | LeBron James | Chris Bosh | Mario Chalmers | Udonis Haslem | Shane Battier | Joel Anthony | Norris Cole | Mike Miller | Ronny Turiaf | Terrel Harris | James Jones | Dexter Pittman | Juwan Howard | Eddy Curry | Mickell Gladness
100%
2012-13Dwyane Wade | LeBron James | Chris Bosh | Ray Allen | Mario Chalmers | Shane Battier | Norris Cole | Udonis Haslem | Mike Miller | Chris Andersen | Rashard Lewis | Joel Anthony | Juwan Howard | James Jones | Josh Harrellson | Jarvis Varnado | Terrel Harris | Dexter Pittman
100%
2014-15Dwyane Wade | Chris Bosh | Goran Dragić | Luol Deng | Hassan Whiteside | Mario Chalmers | Henry Walker | Norris Cole | Michael Beasley | Shawne Williams | Danny Granger | Shabazz Napier | Chris Andersen | Tyler Johnson | Shannon Brown | Josh McRoberts | James Ennis | Udonis Haslem | Justin Hamilton | Zoran Dragić | Andre Dawkins
100%
2015-16Dwyane Wade | Chris Bosh | Goran Dragić | Hassan Whiteside | Luol Deng | Joe Johnson | Justise Winslow | Tyler Johnson | Gerald Green | Josh Richardson | Mario Chalmers | Beno Udrih | Amar'e Stoudemire | Josh McRoberts | Udonis Haslem | Chris Andersen | Briante Weber | Jarnell Stokes | James Ennis
100%
2016-17Goran Dragić | Hassan Whiteside | Josh Richardson | Justise Winslow | Dion Waiters | Tyler Johnson | James Johnson | Rodney McGruder | Wayne Ellington | Josh McRoberts | Luke Babbitt | Derrick Williams | Willie Reed | Okaro White | Udonis Haslem
100%
2017-18Dwyane Wade | Goran Dragić | Hassan Whiteside | Josh Richardson | Bam Adebayo | Dion Waiters | Tyler Johnson | James Johnson | Wayne Ellington | Justise Winslow | Kelly Olynyk | Rodney McGruder | Derrick Jones | Okaro White | Jordan Mickey | Luke Babbitt | Derrick Walton | Udonis Haslem | Matt Williams
100%
2018-19Dwyane Wade | Goran Dragić | Josh Richardson | Hassan Whiteside | Bam Adebayo | Justise Winslow | Dion Waiters | Tyler Johnson | Rodney McGruder | Kelly Olynyk | Wayne Ellington | James Johnson | Derrick Jones | Duncan Robinson | Udonis Haslem | Yante Maten | Ryan Anderson | Emanuel Terry
100%
2019-20Jimmy Butler | Bam Adebayo | Goran Dragić | Tyler Herro | Duncan Robinson | Justise Winslow | Kendrick Nunn | Jae Crowder | Derrick Jones | Meyers Leonard | Andre Iguodala | Kelly Olynyk | Solomon Hill | James Johnson | Dion Waiters | Udonis Haslem | Gabe Vincent | Chris Silva | Kyle Alexander | KZ Okpala | Daryl Macon
100%
2020-21Jimmy Butler | Bam Adebayo | Victor Oladipo | Goran Dragić | Tyler Herro | Duncan Robinson | Kendrick Nunn | Kelly Olynyk | Andre Iguodala | Avery Bradley | Gabe Vincent | Precious Achiuwa | Max Strus | KZ Okpala | Maurice Harkless | Meyers Leonard | Chris Silva | Trevor Ariza | Nemanja Bjelica | Udonis Haslem | Dewayne Dedmon
100%
2021-22Jimmy Butler | Kyle Lowry | Bam Adebayo | Tyler Herro | P.J. Tucker | Duncan Robinson | Gabe Vincent | Max Strus | Caleb Martin | Markieff Morris | Dewayne Dedmon | Omer Yurtseven | Nik Stauskas | Haywood Highsmith | Kyle Guy | KZ Okpala | Marcus Garrett | Chris Silva | Udonis Haslem | Javonte Smart | Victor Oladipo | Mychal Mulder
100%
2022-23Bam Adebayo | Tyler Herro | Kyle Lowry | Jimmy Butler | Caleb Martin | Max Strus | Victor Oladipo | Gabe Vincent | Haywood Highsmith | Duncan Robinson | Orlando Robinson | Nikola Jović | Dru Smith | Dewayne Dedmon | Jamal Cain | Udonis Haslem | Kevin Love | Jamaree Bouyea | Cody Zeller | Omer Yurtseven
100%
2001-02Alonzo Mourning | Eddie Jones | Jim Jackson | Brian Grant | Rod Strickland | LaPhonso Ellis | Anthony Carter | Kendall Gill | Eddie House | Sean Marks | Chris Gatling | Malik Allen | Sam Mack | Vladimir Stepania | Tang Hamilton | Mike James | Ernest Brown
95%
2005-06Dwyane Wade | Shaquille O'Neal | Alonzo Mourning | Gary Payton | Jason Williams | Udonis Haslem | James Posey | Antoine Walker | Derek Anderson | Shandon Anderson | Gerald Fitch | Jason Kapono | Michael Doleac | Wayne Simien | Dorell Wright | Earl Barron | Matt Walsh
95%
2003-04Dwyane Wade | Eddie Jones | Lamar Odom | Rafer Alston | Brian Grant | Caron Butler | Udonis Haslem | Rasual Butler | Malik Allen | Loren Woods | Samaki Walker | John Wallace | Kirk Penney | Bimbo Coles | Tyrone Hill | Wang Zhizhi | Jerome Beasley
95%
2004-05Dwyane Wade | Shaquille O'Neal | Alonzo Mourning | Eddie Jones | Udonis Haslem | Damon Jones | Rasual Butler | Shandon Anderson | Malik Allen | Keyon Dooling | Christian Laettner | Michael Doleac | Qyntel Woods | Wesley Person | Dorell Wright | Steve Smith | Wang Zhizhi
95%
2000-01Alonzo Mourning | Tim Hardaway | Eddie Jones | Anthony Mason | Brian Grant | Bruce Bowen | Dan Majerle | Anthony Carter | A.C. Green | Cedric Ceballos | Duane Causwell | Jamal Robinson | Eddie House | Ricky Davis | Don MacLean | Todd Fuller
91%
1999-00Alonzo Mourning | Tim Hardaway | Jamal Mashburn | Dan Majerle | P.J. Brown | Voshon Lenard | Anthony Carter | Bruce Bowen | Clarence Weatherspoon | Otis Thorpe | Rex Walters | Rodney Buford | Mark Strickland | Duane Causwell | Harold Jamison | Tim James
91%
1998-99Alonzo Mourning | Tim Hardaway | Jamal Mashburn | Dan Majerle | P.J. Brown | Terry Mills | Terry Porter | Clarence Weatherspoon | Voshon Lenard | Rex Walters | Keith Askins | Blue Edwards | Mark Strickland | Mark Davis | Duane Causwell | Jamie Watson | Marty Conlon
91%
1997-98Alonzo Mourning | Tim Hardaway | Jamal Mashburn | Voshon Lenard | P.J. Brown | Dan Majerle | Isaac Austin | Eric Murdock | Mark Strickland | Terry Mills | Brent Barry | Keith Askins | Todd Day | Marty Conlon | Duane Causwell | Rex Walters | Antonio Lang | Charles Smith
91%
1996-97Alonzo Mourning | Tim Hardaway | Jamal Mashburn | Dan Majerle | P.J. Brown | Sasha Danilović | Voshon Lenard | Isaac Austin | Keith Askins | Kurt Thomas | John Crotty | Gary Grant | Willie Anderson | Ed Pinckney | Mark Strickland | James Scott | Martin Müürsepp | Matt Fish | Bruce Bowen
91%
1995-96Alonzo Mourning | Tim Hardaway | Bimbo Coles | Billy Owens | Rex Chapman | Kevin Willis | Sasha Danilović | Walt Williams | Keith Askins | Chris Gatling | Kevin Gamble | Kurt Thomas | Pete Myers | Tony Smith | Tyrone Corbin | Jeff Malone | Ron Grandison | Danny Schayes | Terrence Rencher | Voshon Lenard | Stacey King | LeRon Ellis
91%
1993-94Glen Rice | Rony Seikaly | Steve Smith | Grant Long | Brian Shaw | John Salley | Bimbo Coles | Harold Miner | Matt Geiger | Willie Burton | Keith Askins | Morlon Wiley | Manute Bol | Alec Kessler | Gary Alexander
77%
1992-93Glen Rice | Rony Seikaly | Grant Long | Steve Smith | Kevin Edwards | John Salley | Bimbo Coles | Brian Shaw | Harold Miner | Willie Burton | Keith Askins | Matt Geiger | Alec Kessler
77%
1991-92Glen Rice | Rony Seikaly | Grant Long | Steve Smith | Bimbo Coles | Willie Burton | Kevin Edwards | Brian Shaw | Sherman Douglas | Alec Kessler | Keith Askins | John Morton | Alan Ogg | Miloš Babić | Jon Sundvold | Winston Bennett
77%
1994-95Glen Rice | Kevin Willis | Billy Owens | Bimbo Coles | Grant Long | Steve Smith | John Salley | Matt Geiger | Khalid Reeves | Harold Miner | Keith Askins | Ledell Eackles | Kevin Gamble | Brad Lohaus | Kevin Pritchard
73%
2002-03Eddie Jones | Caron Butler | Brian Grant | Malik Allen | Travis Best | Mike James | Rasual Butler | Vladimir Stepania | Anthony Carter | Eddie House | LaPhonso Ellis | Sean Lampley | Ken Johnson | Sean Marks
68%
1990-91Glen Rice | Rony Seikaly | Sherman Douglas | Grant Long | Willie Burton | Kevin Edwards | Billy Thompson | Terry Davis | Bimbo Coles | Alec Kessler | Jon Sundvold | Milt Wagner | Alan Ogg | Keith Askins
68%
1989-90Glen Rice | Rony Seikaly | Sherman Douglas | Kevin Edwards | Billy Thompson | Tellis Frank | Grant Long | Rory Sparrow | Terry Davis | Jon Sundvold | Scott Haffner | Pat Cummings | Jim Rowinski
68%
1988-89Rony Seikaly | Rory Sparrow | Kevin Edwards | Grant Long | Billy Thompson | Sylvester Gray | Pat Cummings | Jon Sundvold | Pearl Washington | Clinton Wheeler | Anthony Taylor | Scott Hastings | Kelvin Upshaw | Todd Mitchell | John Shasky | Craig Neal | Dave Popson
41%

Score Distribution

Percentile by Number Answered

Percent of People with Each Score

Your Score History

You have not taken this quiz since the last reset